000 00268nam a22001337a 4500
020 _a1-8442-2661-1
082 _a823
_bHOR/P
100 _aHORGREAVES
245 _aPIRATES
260 _aUK
_bLADYBIRD
300 _a29
650 _aENGLISH SHORT STORY
_zUK
942 _cBK
999 _c2066
_d2066